Bharat's wealth tax act with rules / (Record no. 67191)
[ view plain ]
| 000 -LEADER | |
|---|---|
| fixed length control field | 00422nam a22001457a 4500 |
| 005 - DATE AND TIME OF LATEST TRANSACTION | |
| control field | 20180723170710.0 |
| 020 ## - INTERNATIONAL STANDARD BOOK NUMBER | |
| Terms of availability | 150.00 |
| 035 ## - SYSTEM CONTROL NUMBER | |
| System control number | A-946318, A-946317 |
| 037 ## - SOURCE OF ACQUISITION | |
| Stock number | DPL |
| Source of stock number/acquisition | ENG |
| 100 ## - MAIN ENTRY--PERSONAL NAME | |
| Personal name | Daruwala, Bomi F. |
| 245 ## - TITLE STATEMENT | |
| Title | Bharat's wealth tax act with rules / |
| Statement of responsibility, etc | by Bomi F. Daruwala |
| 260 ## - PUBLICATION, DISTRIBUTION, ETC. (IMPRINT) | |
| Place of publication, distribution, etc | New Delhi |
| Name of publisher, distributor, etc | Bharat Law House |
| Date of publication, distribution, etc | 1999 |
| 300 ## - PHYSICAL DESCRIPTION | |
| Extent | various pages |
| Dimensions | 20 cms. |
| 942 ## - ADDED ENTRY ELEMENTS (KOHA) | |
| Source of classification or shelving scheme | Dewey Decimal Classification |
| Item type | English Books |
| Classification part | 343.05 |
| Call number suffix | PUL |
| Withdrawn status | Lost status | Not for loan | Collection code | Home library | Current library | Date acquired | Cost, normal purchase price | Full call number | Barcode | Cost, replacement price | Koha item type | Source of acquisition |
|---|---|---|---|---|---|---|---|---|---|---|---|---|
| Non-fiction | Patel Nagar | Patel Nagar | 23/07/2018 | 150.00 | 343.05 PUL | A-946317 | 150.00 | English Books | BPPD/PUB | |||
| Non-fiction | Sarojini Nagar | Sarojini Nagar | 26/05/2012 | 150.00 | 343.05 PUL | A-946318 | 150.00 | English Books | ||||
| Non-fiction | Sarojini Nagar | Sarojini Nagar | 28/05/2012 | 150.00 | 343.05 PUL | A-946320 | 150.00 | English Books |
